000
00315 a2200109 4500
000
nam a22 7a 4500
005
20260312102457.0
100
_a
Rohlf, James W
_9
1131750
245
_a
Guide to classical physics: Using mathematica for calculations and visualizations
260
_b
CRC Press
_c
2025
942
_c
AUD
999
_c
1715175
_d
1715175